Statistiken für Landkreise und kreisfreie Städte Deutschlands mit "V"

Klicken Sie hier um das Quiz zu spielen!

Allgemein

  • Dieses Quiz wurde 208 mal gespielt
  • Das Durchschnittsergebnis liegt bei 6 aus 8

Antwortstatistiken

BundeslandKreis% Korrekt
Nordrhein-WestfalenViersen
91%
NiedersachsenVechta
88%
SachsenVogtlandkreis
81%
NiedersachsenVerden
78%
HessenVogelsbergkreis
68%
Mecklenburg-VorpommernVorpommern-Rügen
56%
Mecklenburg-VorpommernVorpommern-Greifswald
54%
Rheinland-PfalzVulkaneifel
52%

Verteilung der Resultate

Perzentil nach korrekt beantworteten Fragen

Anzahl Personen mit jedem Resultat

Ihre Resultats-Entwicklung

Sie haben dieses Quiz noch nicht gespielt